02894nam a2200361 a 4500001001200000003000800012006001900020007001500039008004100054010001700095020002900112020002700141040002100168035002100189050002400210082001400234100002300248245013900271250001200410260004100422300002500463504005100488505006600539520151400605533015202119650002202271650001702293650003102310655002902341710001702370856012602387999001902513ebr10753398CaPaEBRm o u cr cn|||||||||130606s2013 caua sb 001 0 eng d z 2013020945 z9781118461303 (hardback) z9781118534595 (e-book) aCaPaEBRcCaPaEBR a(OCoLC)84974097514aBF408b.G673 2013eb04a650.12231 aGregerman, Alan S.14aThe necessity of strangersh[electronic resource] :bthe intriguing truth about insight, innovation, and success /cAlan S. Gregerman. a1st ed. aSan Francisco :bJossey-Bass,c2013. axiii, 224 p. :bill. aIncludes bibliographical references and index.0 apt. 1. Frameworks -- pt. 2. Practice -- pt. 3. Possibilities. a"A counterintuitive approach to fostering greater creativity and innovationMost of us assume our success relies on a network of friends and close contacts. But innovative thinking requires a steady stream of fresh ideas and new possibilities, which strangers are more likely to introduce. Our survival instincts naturally cause us to look upon strangers with suspicion and distrust, but in The Necessity of Strangers, Alan Gregerman offers the provocative idea that engaging with strangers is an opportunity, not a threat, and that engaging with the right strangers is essential to unlocking our real potential. The Necessity of Strangers reveals how strangers challenge us to think differently about ourselves and the problems we face. Shows how strangers can help us innovate better, get the most out of each other, and achieve genuine collaboration Presents principles for developing a "stranger-centric" mindset to develop new markets and stronger customer relationships, leverage the full potential of partnerships, and become more effective leaders Includes practical guidance and a toolkit for being more open, creating new ideas that matter, finding the right strangers in all walks of life, and tapping the real brilliance in yourself To stay competitive, you and your business need access to more new ideas, insights, and perspectives than ever before. The Necessity of Strangers offers an essential guide to discovering the most exciting opportunities you haven't met yet"--cProvided by publisher. aElectronic reproduction.bPalo Alto, Calif. :cebrary,d2013.nAvailable via World Wide Web.nAccess may be limited to ebrary affiliated libraries. 0aCreative ability. 0aInspiration. 0aTechnological innovations. 7aElectronic books.2local2 aebrary, Inc.40uhttp://site.ebrary.com/lib/rucke/Doc?id=10753398zAn electronic book accessible through the World Wide Web; click to view c116908d116908